| 000 | 00659nam a2200217Ia 4500 | ||
|---|---|---|---|
| 003 | OSt | ||
| 005 | 20220925220031.0 | ||
| 006 | a|||||r|||| 00| 0 | ||
| 007 | ta | ||
| 008 | 220923b |||||||| |||| 00| 0 eng d | ||
| 037 | _cGeneral Book | ||
| 040 |
_aRTL _cRTL _beng |
||
| 041 |
_2eng _aeng |
||
| 082 | _aD6,9(B).N89, M9 | ||
| 100 |
_aHAYES Brian _9284045 |
||
| 245 | 0 | _aPrototype logic programming implementation of a taxation and benefit program. | |
| 260 |
_aLondon _bLondon School of economic and Political Science _c1989 |
||
| 300 |
_a71p. _ccm. |
||
| 942 |
_hD6,9(B).N89, M9 _cGB _2CC |
||
| 999 |
_c570354 _d570354 |
||